KATSEYE Quiz (Are you a real Eyekon?) - Statistics

General Stats
  • This quiz has been taken 1,802 times
  • The average score is 57 of 125
Answer Stats
Question Answer % Correct
Who is Sophia?
96%
Who is Lara?
96%
Who is Megan?
96%
Who is Manon?
95%
Who is Daniela?
95%
Who is Yoonchae?
95%
Which one is Katseye’s official fandom name? Eyekons
95%
Who is the leader? Sophia
95%
Which one is Katseye’s lightstick?
94%
Who is the main dancer? Daniela
93%
Who is the maknae? Yoonchae
93%
Who is ethnically Filipina? Sophia
91%
Katseye is under what entertainment? Hybe
90%
Who is the visual? Manon
88%
Who is the main vocalist? Lara
87%
Who is the all-rounder? Megan
86%
What is the one and only world tour of Katseye? The Beautiful Chaos Tour
79%
Who is roommate with Sophia? Yoonchae
71%
What is Yoonchae's dream charm? Soothing Shell
69%
Who is roommate with Manon? Daniela
66%
Who participated in the 8th season of America’s Got Talent? Daniela
64%
Who is the oldest member? Manon
64%
What is Yoonchae's representative color? Pink
64%
What is Lara's dream charm? Limitless Key
62%
What is Daniela's dream charm? Guardian Shield
61%
Which album did they debut? SIS (Soft is Strong)
59%
What is Sophia's birth name? Sophia Elizabeth Guevara Laforteza
58%
Whose nicknames are “Laru” and “Lar Lar”? Lara
56%
What is Megan's representative color? Peach
56%
What is Manon's representative color? Yellow
56%
Who has been diagnosed with dyslexia, psoriasis, and pre-diabetes? Megan
54%
Who is the tallest? Yoonchae
53%
Whose mother is Indian and her father is Sri Lankan? Lara
52%
Who is roommate with Lara? Megan
52%
Who is American (Hawai’i)? Megan
52%
What is Sophia's representative color? Purple
52%
Who is Korean? Yoonchae
52%
Which date did they debut? 28 June 2024
51%
What is Daniela's representative color? Sky Blue
51%
Who can speak Spanish? Daniela
50%
Who is from Honolulu, Hawai’i, USA? Megan
50%
Who was born in Seoul, South Korea? Yoonchae
50%
What is Megan's dream charm? Dual Cherry
49%
Who ranked 2nd place? Lara
49%
Who is Swiss? Manon
49%
Whose nicknames are “Mei Mei” and “Meggy”? Megan
49%
When is Megan's birthday? 10 February 2006
48%
Whose older sister is a singer? Lara
48%
Who was born in Zürich, Switzerland? Manon
48%
Who ranked 1st place? Sophia
48%
What is Manon's dream charm? Stellar Tiara
48%
What is Sophia's dream charm? Dream Anchor
47%
When is Sophia's birthday? 31 December 2002
46%
Who ranked 6th place? Manon
46%
Whose nicknames are "Manz" and "Manzanita"? Manon
46%
Who appeared in a 2022 episode of Family Feud Philippines? Sophia
46%
When is Daniela's birthday? 1 July 2004
45%
When is Yoonchae's birthday? 6 December 2007
45%
Who is the shortest? Daniela
45%
Who can also do Afro-Cuban, Afro-style dance, cha-cha, and salsa style dancing? Daniela
45%
Who is a ballroom dancer? Daniela
45%
Who is ethnically Venezuelan-Cuban-Italian? Daniela
45%
What is Lara's representative color? Green
45%
Who can spanish Swiss-German? Manon
45%
Who can speak Tagalog? Sophia
45%
Whose mother is a singer and actress? Sophia
44%
When is Lara's birthday? 3 November 2005
43%
Who was featured in the video for Michelle Obama’s Global Girls Alliance campaign? Lara
43%
Who produces music? Lara
42%
Whose mother is Singaporean-Chinese and her father is Swedish-American? Megan
42%
Who made an appearance on the Queen Latifah Show as part of an America’s Most Talented kids segment? Daniela
41%
Who placed 10th in the 13th season of So You Think You Can Dance? Daniela
41%
When is Manon 's birthday? 26 June 2002
40%
For their 2024 Winx Club Halloween costumes, who was Bloom? Megan
40%
What is Daniela's birth name? Daniela Andrea Avanzini Llorente
39%
Who can speak basic Cantonese? Megan
39%
Whose dad is from Ghana? Manon
38%
Who is from Los Angeles, California, USA? Lara
37%
Who can speak Tamil? Lara
37%
Who was born in Atlanta, Georgia? Daniela
36%
Whose mother has a cat named Yoonchae because she likes Yoonchae so much? Sophia
36%
Who has a family husky named Cassie? Megan
35%
Which one isn't a Sophia's nickname? Ariana Grande
34%
Who did varsity cheerleading in high school? Daniela
34%
Who loves cats, but has bad allergies to them? Megan
34%
Which MV has the most views? Touch
34%
What is Manon's birth name? Meret Manon Sarpong Bannerman
33%
Who switched to online school when she was in 4th grade, which was the last time she wrote an essay? Megan
32%
Who appeared in Matty B’s music video for his song “Dramatic”? Daniela
31%
Who is American? Daniela
30%
Who is a photography model? Manon
30%
Who is friends with Jungeun of izna from training under WakeOne? Yoonchae
30%
Who passed the auditions for CJ E&M in 2020 and was a trainee there for 2 years? Yoonchae
30%
Who has eight known tattoos? Lara
29%
For their 2024 Winx Club Halloween costumes, who was Stella? Daniela
28%
Who ranked 5th place? Megan
28%
Whose father is a chef? Sophia
28%
For their 2024 Winx Club Halloween costumes, who was Aisha? Lara
27%
Who is allergic to strawberries? Manon
27%
Manon ranked who as the worst driver? Megan
27%
For their 2024 Winx Club Halloween costumes, who was Tecna? Yoonchae
27%
Who has three known tattoos? Megan
26%
Who also did tumbling as a child? Megan
25%
Who appeared on She Said She Said in 2008 with her family? Sophia
25%
Which one is Katseye’s official greeting? Hello, we are KATSEYE!
24%
Who ranked herself as the loudest member? Daniela
22%
For their 2024 Winx Club Halloween costumes, who was Flora? Manon
22%
Who is a runway and fashion model and has participated in Paris and LA’s fashion week for high fashion couture? Megan
22%
Who has a Chow Chow dog named Charlie? Sophia
22%
For their 2024 Winx Club Halloween costumes who was Musa? Sophia
22%
Who has five known tattoos? Manon
21%
Who ranked 3rd place? Daniela
20%
Who has a lot of Kuromi merch? Megan
18%
Who was born in Queens, New York, USA Sophia
18%
Megan ranked who as the member she would trust the most to cut her hair? Sophia
18%
Who placed 2nd in Super Kids Europe? Daniela
17%
Who did almost every style of dance, including hula, ballet, tap, jazz, and hip-hop? Megan
16%
Who ranked 4th place? Yoonchae
15%
Manon ranked who as the best driver? Daniela
13%
Who lived in Los Angeles, California, USA? Daniela
12%
Who played piano classically pre-debut? Megan
11%
Which one isn't a Yoonchae's nickname? Cat
9%
Who has been a songwriter since she was 5 years old? Manon
9%
Who is a model and actress for many commercials? Daniela
6%
Who is close with LE SSERAFIM‘s Yunjin? Megan
5%
No matching quizzes found
Score Distribution
Percent of People with Each Score
Percentile by Number Answered
Your Score History
You have not taken this quiz